[Event "Rouen op 9th"]
[Site "Rouen"]
[Date "2016.12.17"]
[Round "1"]
[White "Lebreton, Gabin"]
[Black "Cleaud, Cyril"]
[Result "1-0"]
[WhiteElo "1237"]
[BlackElo "1761"]
[PlyCount "99"]
[EventDate "2016.12.17"]
[EventType "swiss"]
[EventRounds "7"]
[EventCountry "FRA"]
[SourceTitle "CBM 176 Extra"]
[Source "ChessBase"]
[SourceDate "2017.03.02"]
[SourceVersion "1"]
[SourceVersionDate "2017.03.02"]
[SourceQuality "1"]

1. e4 c5 2. Nf3 Nc6 3. d4 cxd4 4. Nxd4 e6 5. Nc3 Bb4 6. Nxc6 bxc6 7. Qd3 Bxc3+ 8. Qxc3 Qf6 9. Bd2 Rb8 10. Bd3 e5 11. 0-0 Ne7 12. Be3 a6 13. f4 d6 14. fxe5 Qxe5 15. Bd4 Qg5 16. Rf2 0-0 17. Be2 Bb7 18. Be3 Qh4 19. Rf4 Qg5 20. Rg4 Qe5 21. Bd4 Qe6 22. Rxg7+ Kh8 23. Rg6+ f6 24. Bxf6+ Rxf6 25. Qxf6+ Qxf6 26. Rxf6 Rd8 27. Raf1 c5 28. Rf8+ Rxf8 29. Rxf8+ Kg7 30. Rd8 Bxe4 31. Rxd6 Bxc2 32. Rxa6 Nf5 33. Rc6 Nd4 34. Bf3 Nxc6 35. Bxc6 Kf6 36. Kf2 Ke5 37. Ke2 Kd4 38. Kd2 Bd3 39. b3 Bb1 40. a4 Bd3 41. Bb5 Be4 42. g3 Bd5 43. Kc2 h6 44. a5 Bf3 45. a6 Ba8 46. Bd7 Kd5 47. Kc3 Kd6 48. Bc8 Kc6 49. Kc4 Kb6 50. Bb7 1-0

[Event "Lille Luce op 5th"]
[Site "Lille"]
[Date "2014.04.30"]
[Round "3"]
[White "Cleaud, Cyril"]
[Black "Dominguez Pons, Eric"]
[Result "0-1"]
[WhiteElo "1730"]
[BlackElo "2335"]
[PlyCount "60"]
[EventDate "2014.04.28"]
[EventType "swiss"]
[EventRounds "9"]
[EventCountry "FRA"]
[SourceTitle "CBM 160 Extra"]
[Source "ChessBase"]
[SourceDate "2014.07.01"]
[SourceVersion "1"]
[SourceVersionDate "2014.07.01"]
[SourceQuality "1"]

1. e4 c6 2. d4 d5 3. e5 c5 4. c3 Nc6 5. Nf3 Bg4 6. Bb5 e6 7. 0-0 Qb6 8. Qa4 Bxf3 9. gxf3 cxd4 10. cxd4 Nge7 11. Bd2 a6 12. Bxc6+ Nxc6 13. Bc3 Be7 14. Nd2 0-0 15. Qb3 Qa7 16. Rad1 b5 17. a3 Nxd4 18. Bxd4 Qxd4 19. Rfe1 Qh4 20. Qe3 Bg5 21. Qd3 Bf4 22. Nf1 Qg5+ 23. Kh1 Bxe5 24. Ng3 Bxb2 25. Kg2 Qg6 26. Qb3 Bf6 27. f4 Rac8 28. Rd3 Rc4 29. f5 exf5 30. Kh1 f4 0-1

[Event "Rennes op 6th"]
[Site "Rennes"]
[Date "2013.07.07"]
[Round "3"]
[White "Koziak, Vitali"]
[Black "Cleaud, Cyril"]
[Result "1-0"]
[WhiteElo "2509"]
[BlackElo "1739"]
[PlyCount "49"]
[EventDate "2013.07.06"]
[EventType "swiss"]
[EventRounds "9"]
[EventCountry "FRA"]
[SourceTitle "CBM 155 Extra"]
[Source "ChessBase"]
[SourceDate "2013.08.26"]
[SourceVersion "1"]
[SourceVersionDate "2013.08.26"]
[SourceQuality "1"]

1. d4 d5 2. c4 c6 3. Nc3 Nf6 4. e3 e6 5. Nf3 Bd6 6. Bd3 0-0 7. e4 dxe4 8. Nxe4 Nxe4 9. Bxe4 Nd7 10. 0-0 h6 11. c5 Bc7 12. Re1 Qf6 13. Bc2 Bf4 14. Qd3 g6 15. Bxf4 Qxf4 16. Rxe6 Nf6 17. g3 Qg4 18. Rxf6 Bf5 19. Qc3 Bxc2 20. Qxc2 Rad8 21. Rf4 Qe6 22. Qb3 Rd5 23. Qxb7 g5 24. Re1 Qg6 25. Rfe4 1-0